| 000 | 01446cam a2200409Ia 4500 | ||
|---|---|---|---|
| 001 | 907166082 | ||
| 003 | OCoLC | ||
| 005 | 20200703144428.0 | ||
| 008 | 150311s2015 sp a j 000 1 spa d | ||
| 020 | _a9788426393661 | ||
| 020 | _a8426393667 | ||
| 040 |
_aSNR _cSNR _dSNR |
||
| 041 | 1 |
_aspa _hdut |
|
| 092 |
_aSP E _bSlegers |
||
| 100 | 1 | _aSlegers, Liesbet. | |
| 240 | 1 | 0 |
_aKarel krijgt een hondje. _lSpanish. |
| 245 | 1 | 0 |
_aNacho tiene un perrito / _cLiesbet Slegers. |
| 260 |
_a[Zaragoza] : _bLuis Vives Editorial, _c2015. |
||
| 300 |
_a1 volume (unpaged) : _bchiefly color illustrations ; _c23 cm. |
||
| 336 |
_atext _btxt _2rdacontent. |
||
| 337 |
_aunmediated _bn _2rdamedia. |
||
| 338 |
_avolume _bnc _2rdacarrier. |
||
| 490 | 1 |
_aNacho y Laura ; _v2. |
|
| 520 | _a"Nacho tiene un perrito. Una historia entra©łable sobre la primera mascota de un ni©ło y los cuidados que necesita."--Casadellibro. | ||
| 650 | 0 |
_aDogs _vJuvenile fiction. |
|
| 650 | 0 |
_aPets _vJuvenile fiction. |
|
| 650 | 0 | _aSpanish language materials. | |
| 650 | 0 | _aPicture Books. | |
| 650 | 7 |
_aPerros _vNovela juvenil. _2bidex. |
|
| 650 | 7 |
_aDogs. _2fast _0(OCoLC)fst00896265. |
|
| 650 | 7 |
_aPets. _2fast _0(OCoLC)fst01059908. |
|
| 650 | 7 |
_aMascotas _vNovela juvenil. _2qlsp. |
|
| 655 | 7 |
_aFiction. _2fast _0(OCoLC)fst01423787. |
|
| 655 | 7 |
_aJuvenile works. _2fast _0(OCoLC)fst01411637. |
|
| 800 | 1 |
_aSlegers, Liesbet. _tNacho y Laura ; _v2. |
|
| 942 |
_cBK _2ddc |
||
| 999 |
_c24661 _d24661 |
||